ভারতে পর্তুগীজ বণিকদের ইতিহাস / (Record no. 30886)

MARC details
000 -LEADER
fixed length control field 00976nam a22002177a 4500
003 - CONTROL NUMBER IDENTIFIER
control field BDDh-ASL
005 - DATE AND TIME OF LATEST TRANSACTION
control field 20231015031213.0
008 - FIXED-LENGTH DATA ELEMENTS--GENERAL INFORMATION
fixed length control field 230307s2020 b ||||| |||| 00| 0 b d
040 ## - CATALOGING SOURCE
Transcribing agency BDDh-ASL
041 ## - LANGUAGE CODE
Language code of text/sound track or separate title bengali
082 ## - DEWEY DECIMAL CLASSIFICATION NUMBER
Classification number 954
Item number BAB
100 1# - MAIN ENTRY--PERSONAL NAME
Personal name বারী, এম. এম. শরিফুল
Titles and words associated with a name অধ্যাপক
9 (RLIN) 7412
245 10 - TITLE STATEMENT
Title ভারতে পর্তুগীজ বণিকদের ইতিহাস /
246 ## - VARYING FORM OF TITLE
Title proper/short title Bharate Portugese Banikder Itihas.
260 ## - PUBLICATION, DISTRIBUTION, ETC.
Place of publication, distribution, etc. ঢাকা:
Name of publisher, distributor, etc. পদ্মা পাবলিশার্স,
Date of publication, distribution, etc. ২০২০।
300 ## - PHYSICAL DESCRIPTION
Extent ২৯৭ পৃষ্ঠা:
Dimensions ২২ সে.মি.
504 ## - BIBLIOGRAPHY, ETC. NOTE
Bibliography, etc. note গ্রন্থপঞ্জি সংযুক্ত ।
650 #0 - SUBJECT ADDED ENTRY--TOPICAL TERM
Topical term or geographic name entry element History (ইতিহাস)
9 (RLIN) 4586
650 #0 - SUBJECT ADDED ENTRY--TOPICAL TERM
Topical term or geographic name entry element History of India (ভারতের ইতিহাস), India Subcontinent ভারত উপমহাদেশ
General subdivision Portuguese (পর্তুগীজ)
9 (RLIN) 6214
942 ## - ADDED ENTRY ELEMENTS (KOHA)
Source of classification or shelving scheme Dewey Decimal Classification
Koha item type Books
Holdings
Withdrawn status Lost status Source of classification or shelving scheme Damaged status Not for loan Collection code Home library Current library Shelving location Date acquired Source of acquisition Total Checkouts Full call number Barcode Date last seen Copy number Price effective from Koha item type
    Dewey Decimal Classification     Non-fiction Asiatic Society Library Asiatic Society Library General Stacks 03/07/2023 ASB Library Collection   954 BAB 119435 03/07/2023 C-1 03/07/2023 Books
    Dewey Decimal Classification     Non-fiction Asiatic Society Library Asiatic Society Library General Stacks 03/07/2023 ASB Library Collection   954 BAB 119436 03/07/2023 C-2 03/07/2023 Books

Powered by Koha